000 00726nam a22002417a 4500
001 84756
003 UA-OsUOA
005 20201215215041.0
007 ta
008 20120608b un ||||| |||| 00| 0 ukr d
040 _aUA-OsUOA
_bukr
_cUA-OsUOA
_dUA-OsUOA
041 _aukr
080 _a821.161.2
090 _a821.161.2
_bБ67
100 _aБірчак В.
245 _aПроти закону
_bісторична повість із княжих часів
260 _aВінніпег
_c1953
300 _a128 с.
650 7 _a82 Література. Літературознавство
_2UDC
942 _cBK
_2udc
955 _a3
999 _c371066
_d371066